[Event "Titled Tue 1st Jul Late"]
[Site "chess.com INT"]
[Date "2025.07.01"]
[Round "10"]
[White "Amar, Elham"]
[Black "Ragger, Markus"]
[Result "1-0"]
[WhiteTitle "GM"]
[BlackTitle "GM"]
[WhiteElo "2589"]
[BlackElo "2566"]
[WhiteFideId "1533533"]
[BlackFideId "1610856"]
[EventDate "2025.07.01"]

1. e4 e5 2. Nc3 Nf6 3. d4 exd4 4. Qxd4 Nc6 5. Qd3 d5 6. Bf4 d4 7. Nb5 Bb4+ 8. c3
dxc3 9. Qxd8+ Kxd8 10. bxc3 Ba5 11. O-O-O+ Bd7 12. f3 a6 13. Nd4 Nxd4 14. cxd4
Ba4 15. Rd3 Bb5 16. Rd1 Ba4 17. Rd3 Bb5 18. Nh3 Bxd3 19. Bxd3 Ke7 20. Rd1 Rhd8
21. Bc4 h6 22. Kc2 c6 23. Bc1 b5 24. Bb3 Bb6 25. Be3 Rd7 26. Nf4 Rad8 27. Ne2
Ba7 28. Kb1 c5 29. d5 c4 30. Bxa7 Rxa7 31. Bc2 Rc7 32. Nd4 g6 33. a3 Ne8 34. g4
Kd6 35. f4 Kc5 36. Nf3 a5 37. Ne5 b4 38. Ba4 Nd6 39. Re1 c3 40. Nc6 Rxc6 41.
dxc6 Nc4 42. axb4+ axb4 43. e5 Nb2 44. Bb3 Nc4 45. Kc1 Ra8 46. e6 Ra1+ 47. Kc2
Rxe1 48. exf7 Re2+ 49. Kd1 Rd2+ 50. Ke1 Rd8 51. c7 Rc8 52. Ba4 Nd6 53. Bd7 Nxf7
54. Bxc8 Kd6 55. Be6 Kxc7 56. Bxf7 b3 57. Bxb3 Kd6 58. Bc2 Kc5 59. Kf2 Kd4 60.
Kf3 Kc4 61. Bxg6 Kb3 62. Ke3 c2 63. Bxc2+ Kb2 64. f5 Kc1 65. f6 1-0

[Event "Titled Tue 1st Jul Late"]
[Site "chess.com INT"]
[Date "2025.07.01"]
[Round "10"]
[White "Plichta, Kamil"]
[Black "Estrada Nieto, Julian"]
[Result "1-0"]
[WhiteTitle "FM"]
[BlackTitle "IM"]
[WhiteElo "2361"]
[BlackElo "2181"]
[WhiteFideId "1141830"]
[BlackFideId "5101018"]
[EventDate "2025.07.01"]

1. Nf3 d5 2. g3 Nf6 3. Bg2 Bf5 4. O-O e6 5. c4 c6 6. Qb3 Qb6 7. d3 Nbd7 8. cxd5
exd5 9. Qc2 Qc5 10. Qc3 h6 11. Be3 Qxc3 12. bxc3 Bc5 13. Bxc5 Nxc5 14. Nbd2 O-O
15. Nd4 Bg6 16. a4 Rfe8 17. a5 a6 18. Rfe1 Nfd7 19. f4 Bh5 20. h3 f6 21. Kf2 Ne6
22. Nf5 Nec5 23. Bf1 Bg6 24. Nd4 Ne6 25. Nxe6 Rxe6 26. Reb1 Nc5 27. Nb3 Nxb3 28.
Rxb3 Ra7 29. Rab1 Re7 30. Bg2 Kf8 31. Bf3 Bf5 32. g4 Bc8 33. e4 dxe4 34. dxe4
Rd7 35. Ke3 Ke7 36. c4 Kd6 37. Kd4 Kc7+ 38. Ke3 Kd6 39. Kd4 Kc7+ 40. Kc5 Rd2 41.
f5 Ra2 42. Kb4 Rd2 43. Rd1 Rxd1 44. Bxd1 Bd7 45. Kc5 Ra8 46. Re3 Re8 47. Kd4 Re5
48. c5 Be8 49. Bb3 Kd7 50. Rc3 Ke7 51. Be6 Bd7 52. Bg8 Bc8 53. h4 Kd8 54. Rg3
Ke7 55. Bc4 Kf8 56. g5 fxg5 57. hxg5 hxg5 58. Rxg5 Re8 59. e5 Rd8+ 60. Ke3 Re8
61. Ke4 Rd8 62. f6 gxf6 63. Rg8+ Ke7 64. exf6+ Kd7 65. Be6+ Kc7 66. Rxd8 Bxe6
67. Rd6 1-0

[Event "Titled Tue 1st Jul Late"]
[Site "chess.com INT"]
[Date "2025.07.01"]
[Round "10"]
[White "Grutter, Tim"]
[Black "Bukreev, Stanislav"]
[Result "0-1"]
[WhiteTitle "IM"]
[BlackTitle "FM"]
[WhiteElo "2404"]
[BlackElo "2305"]
[WhiteFideId "1057472"]
[BlackFideId "34252347"]
[EventDate "2025.07.01"]

1. e4 e6 2. d4 d5 3. Nd2 c5 4. exd5 Qxd5 5. Ngf3 cxd4 6. Bc4 Qd6 7. O-O Nf6 8.
Nb3 Nc6 9. Nbxd4 Nxd4 10. Qxd4 Qxd4 11. Nxd4 Bd7 12. Rd1 Rc8 13. Be2 Bc5 14. c3
Ke7 15. Bf3 Bxd4 16. Rxd4 Bc6 17. Be2 e5 18. Rd1 Rhd8 19. Be3 b6 20. f3 Nd5 21.
Bf2 f6 22. a4 Nf4 23. Rxd8 Rxd8 24. Bf1 Rd2 25. b4 Ne2+ 26. Bxe2 Rxe2 27. a5 Rc2
28. axb6 axb6 29. Bxb6 Rxc3 30. Ra7+ Bd7 31. Bc5+ Ke6 32. Ra6+ Kf5 33. Ra7 Ke6
34. Ra6+ Kf5 35. Ra7 Rd3 36. Kf2 h5 37. Rb7 g5 38. b5 Rd5 39. Be7 Be6 40. b6
Rd2+ 41. Ke3 Rxg2 42. Rb8 Bd5 43. Rd8 Bb7 44. Rd7 Ba8 45. b7 Bxb7 46. Rxb7 Ke6
47. Bd8 f5 48. Re7+ Kd6 49. Rh7 g4 50. Rxh5 f4+ 51. Ke4 Re2+ 52. Kf5 gxf3 53.
Rh6+ Kd5 54. Bb6 f2 55. Bxf2 Rxf2 56. h4 f3 57. Rh8 Rg2 58. Rd8+ Kc6 59. Kxe5
Re2+ 60. Kf4 f2 61. Rd1 Re1 62. Kf3 Rxd1 63. Kxf2 Rh1 64. Kg3 Kd6 65. Kg4 Ke6
66. Kg5 Kf7 67. h5 Kg7 0-1

[Event "Titled Tue 1st Jul Late"]
[Site "chess.com INT"]
[Date "2025.07.01"]
[Round "10"]
[White "Mulawa, Cyprian"]
[Black "Deichmann, Esteban Horacio"]
[Result "1-0"]
[WhiteTitle "FM"]
[WhiteElo "2324"]
[BlackElo "2103"]
[WhiteFideId "21001855"]
[BlackFideId "167410"]
[EventDate "2025.07.01"]

1. e4 e6 2. d4 d5 3. Nc3 Nf6 4. e5 Nfd7 5. f4 c5 6. Nf3 Nc6 7. Be3 a6 8. Qd2 b5
9. a3 Bb7 10. dxc5 Bxc5 11. Bxc5 Nxc5 12. Qf2 Qb6 13. Bd3 O-O-O 14. b4 Nd7 15.
O-O h6 16. Ne2 Qxf2+ 17. Kxf2 Nb6 18. Ned4 Rhg8 19. Nxc6 Bxc6 20. Nd4 Kb7 21. g4
Rde8 22. Rae1 Nd7 23. Kg3 g6 24. h4 Nb6 25. Rh1 Nc4 26. Bxc4 dxc4 27. Rh2 Bd5
28. c3 h5 29. Rg1 hxg4 30. Kxg4 Rh8 31. Kg5 Rh7 32. Kf6 Reh8 33. Rg5 Kc7 34. Rg4
Kd7 35. Nc2 Ke8 36. Ne3 Be4 37. a4 bxa4 38. Nxc4 Bf5 39. Nd6+ Kf8 40. Rgg2 Rh5
41. Nxf7 g5 42. Nxh8 Rh6+ 43. Kxg5 Rxh8 44. h5 Rg8+ 45. Kf6 Rh8 46. h6 a3 47.
Ra2 Bd3 48. Rxa3 Rh7 49. Kxe6 Ke8 50. Kd6 Kd8 51. e6 Rb7 52. Rd2 Bb5 53. Ke5+
Ke7 54. f5 Ba4 55. f6+ Kf8 56. Rxa4 Kg8 57. Rd8+ Kh7 58. f7 Rb5+ 59. Kf6 Rh5 60.
Ke7 Re5 61. f8=Q Rxe6+ 62. Kxe6 1-0

[Event "Titled Tue 1st Jul Late"]
[Site "chess.com INT"]
[Date "2025.07.01"]
[Round "10"]
[White "Wu, Derek"]
[Black "Gerbelli Neto, Eduardo"]
[Result "1-0"]
[WhiteTitle "FM"]
[WhiteElo "2232"]
[BlackElo "2114"]
[WhiteFideId "30914558"]
[BlackFideId "2103281"]
[EventDate "2025.07.01"]

1. d4 d5 2. Nf3 Nf6 3. Bf4 Bf5 4. c4 e6 5. Nc3 c6 6. e3 Nbd7 7. Be2 Bb4 8. O-O
O-O 9. Nh4 Bg6 10. Nxg6 hxg6 11. Qb3 a5 12. a3 dxc4 13. Bxc4 Bxc3 14. bxc3 Nb6
15. Bd3 a4 16. Qb2 Nbd5 17. Qxb7 Nxf4 18. exf4 c5 19. Rad1 cxd4 20. Bb1 Rb8 21.
Qa7 Nd5 22. Rxd4 Qf6 23. Rxa4 Nxc3 24. Rb4 Ne2+ 25. Kh1 Rxb4 26. axb4 Nxf4 27.
Qc5 e5 28. b5 Ne6 29. Qc6 Nd4 30. Qxf6 gxf6 31. Bd3 Rb8 32. Rb1 f5 33. f3 Kg7
34. b6 Ne6 35. Bc4 Nc5 36. Rb5 Nd7 37. b7 Kf6 38. Kg1 Ke7 39. Kf2 f6 40. Ke3 Kd6
41. Rb2 Nc5 42. Rb6+ Ke7 43. Bd5 f4+ 44. Ke2 Nd7 45. Re6+ Kd8 46. Be4 g5 47. Rd6
Kc7 48. Rc6+ Kd8 49. Rc1 Ke7 50. Rc8 Kd6 51. Kd3 Ke7 52. Kc4 Kd6 53. Kb5 Ke7 54.
Rxb8 Nxb8 55. Kb6 Kd7 56. Ka7 Kc7 57. Bd5 Nd7 58. Ka6 Nc5+ 59. Ka7 Nd7 60. Be4
Nb8 61. Ka8 Nd7 62. Bf5 Nb6+ 63. Ka7 Nd7 64. Bxd7 Kxd7 65. b8=Q Ke6 66. Qc8+ Kf7
67. Kb6 Kg6 68. Kc5 f5 69. Kd5 e4 70. Qe6+ 1-0

[Event "Titled Tue 1st Jul Late"]
[Site "chess.com INT"]
[Date "2025.07.01"]
[Round "10"]
[White "Ambartsumian, Tyhran"]
[Black "Becking, Stephan"]
[Result "1-0"]
[WhiteTitle "CM"]
[BlackTitle "IM"]
[WhiteElo "2244"]
[BlackElo "2410"]
[WhiteFideId "34161112"]
[BlackFideId "4632478"]
[EventDate "2025.07.01"]

1. e4 e6 2. d4 d5 3. exd5 exd5 4. Nf3 Nf6 5. Bd3 Bd6 6. Qe2+ Qe7 7. Qxe7+ Kxe7
8. O-O Re8 9. Bg5 Nd7 10. Nbd2 Kf8 11. a4 h6 12. Bh4 Ne4 13. Bg3 Nxg3 14. hxg3
c6 15. a5 a6 16. c3 Nf6 17. b4 Bg4 18. Nb3 Ne4 19. Rac1 Re7 20. Nc5 Rae8 21.
Bxe4 dxe4 22. Ne5 Bc8 23. Nxe4 Bxe5 24. dxe5 Rxe5 25. Nc5 Rd8 26. Rfd1 Red5 27.
Rxd5 Rxd5 28. Kf1 Ke7 29. Ke2 Re5+ 30. Kd2 Rd5+ 31. Ke3 Re5+ 32. Kd3 Rf5 33. f3
Rg5 34. g4 h5 35. Re1+ Kd8 36. gxh5 Rxg2 37. Rh1 Bf5+ 38. Kd4 Kc7 39. h6 gxh6
40. Rxh6 Bg6 41. Rh8 Rd2+ 42. Ke3 Rc2 43. Kd4 Rd2+ 44. Kc4 Bb1 45. b5 Ba2+ 46.
Kb4 cxb5 47. Ra8 Bd5 48. Rf8 Rf2 49. Re8 Rxf3 50. Re7+ Kc8 51. Re8+ Kc7 52. Re7+
Kd6 53. Rd7+ Kc6 54. c4 Bxc4 55. Rxb7 Bd5 56. Rb6+ Kc7 57. Nxa6+ Kd7 58. Nc5+
Ke7 59. a6 Rf4+ 60. Ka5 Rc4 61. Kxb5 Rc3 62. a7 Rc1 63. Rb8 Rb1+ 64. Ka6 Ra1+
65. Kb6 Rb1+ 66. Ka6 Ra1+ 67. Kb6 Rb1+ 68. Ka5 Ra1+ 69. Na4 Rc1 70. Rb5 Bc6 71.
Rb6 Bd5 72. Rb5 Bc6 73. Kb6 1-0

[Event "Titled Tue 1st Jul Late"]
[Site "chess.com INT"]
[Date "2025.07.01"]
[Round "10"]
[White "Assylov, Miras"]
[Black "Goncharov, Vladimir"]
[Result "1-0"]
[WhiteTitle "FM"]
[WhiteElo "2319"]
[BlackElo "2077"]
[WhiteFideId "13728873"]
[BlackFideId "34162256"]
[EventDate "2025.07.01"]

1. c4 Nf6 2. Nc3 c5 3. b3 g6 4. Bb2 Bg7 5. g3 O-O 6. Bg2 Nc6 7. Nf3 d6 8. O-O e5
9. d3 h6 10. Ne1 Be6 11. Nc2 Qd7 12. Ne3 Bh3 13. a3 Bxg2 14. Kxg2 Nh7 15. Ncd5
f5 16. f4 Nd4 17. b4 Rae8 18. bxc5 exf4 19. gxf4 dxc5 20. Rb1 Qc6 21. Bxd4 Bxd4
22. Nc2 Bg7 23. e3 Nf6 24. Qf3 Nxd5 25. Qxd5+ Qxd5+ 26. cxd5 b6 27. Rbe1 Bc3 28.
Re2 Rf7 29. a4 Rd7 30. Na3 Rxd5 31. Rd1 Bb4 32. Nb5 Rd7 33. Rc1 a6 34. Nc3 Rxd3
35. Nd1 Ra3 36. Nb2 Ra2 37. Rcc2 Re4 38. Kf3 Ba3 39. Nc4 Rxc2 40. Rxc2 Bb4 41.
Nxb6 Kf7 42. Nd7 Ke6 43. Nxc5+ Bxc5 44. Rxc5 Rxa4 45. Rc6+ Kf7 46. h4 h5 47.
Rc7+ Kf6 48. Rc6+ Kg7 49. Ke2 Kh6 50. Rc7 a5 51. Kd3 Ra3+ 52. Kd4 a4 53. Ra7 Ra1
54. Ke5 a3 55. Kf6 Re1 56. Rxa3 Rd1 57. Ra6 Rd7 58. Re6 Rb7 59. Re8 Rb6+ 60. Kf7
Rb7+ 61. Kg8 Rb3 62. Re7 Rb8+ 63. Kf7 Rb6 64. Re8 Rb7+ 65. Kf6 Rb6+ 66. Ke7 Rb7+
67. Kf8 Ra7 68. Kg8 Rb7 69. Re6 1-0

[Event "Titled Tue 1st Jul Late"]
[Site "chess.com INT"]
[Date "2025.07.01"]
[Round "10"]
[White "Erdogmus, Yagiz Kaan"]
[Black "Nguyen, Ngoc Truong Son"]
[Result "1/2-1/2"]
[WhiteTitle "GM"]
[BlackTitle "GM"]
[WhiteElo "2626"]
[BlackElo "2600"]
[WhiteFideId "44599790"]
[BlackFideId "12401110"]
[EventDate "2025.07.01"]

1. e4 e5 2. Nf3 Nc6 3. Bc4 Bc5 4. b4 Bxb4 5. c3 Be7 6. d4 Na5 7. Bd3 d6 8. dxe5
dxe5 9. Nxe5 Nf6 10. Qa4+ c6 11. O-O O-O 12. Qc2 Re8 13. h3 Qc7 14. Nf3 h6 15.
Re1 Be6 16. Nbd2 Rad8 17. Nd4 Nh5 18. Nxe6 fxe6 19. Nf3 Nf4 20. Bxf4 Qxf4 21. e5
Rf8 22. Re4 Qf7 23. Rg4 Kh8 24. Bg6 Qg8 25. Re1 b5 26. Ree4 Nc4 27. Qe2 Bc5 28.
Rxc4 bxc4 29. Rxc4 Bb6 30. Kh2 Rd5 31. Rg4 Bc7 32. Be4 Rxe5 33. Nxe5 Bxe5+ 34.
g3 Qf7 35. Kg2 Bxc3 36. Bxc6 e5 37. Be4 Bd4 38. h4 Qxf2+ 39. Qxf2 Rxf2+ 40. Kh3
Rxa2 41. Rg6 Rb2 42. Re6 Rb8 43. Re7 a5 44. Bc2 Ra8 45. Be4 Rb8 46. Bc2 Kg8 47.
Kg4 Kf8 48. Rc7 Rb4 49. Kf5 Rb6 50. g4 Rf6+ 51. Ke4 g6 52. Kd5 Ke8 53. g5 hxg5
54. hxg5 Rb6 55. Rg7 Kf8 56. Rxg6 Rxg6 57. Bxg6 a4 58. Bb1 a3 59. Ba2 Kg7 60.
Bb1 Bc3 61. Kc4 Bb2 62. Kd5 Kf7 63. Kc4 e4 64. Kb3 e3 65. Bd3 Ke6 66. g6 Kf6 67.
Ka2 Kg7 68. Kb3 Kh6 69. Ka2 Kg7 70. Kb3 Kf6 71. Ka2 Kg7 1/2-1/2

[Event "Titled Tue 1st Jul Late"]
[Site "chess.com INT"]
[Date "2025.07.01"]
[Round "10"]
[White "Omariev, Maksim"]
[Black "Zakin, Ilay"]
[Result "1/2-1/2"]
[WhiteTitle "FM"]
[BlackTitle "FM"]
[WhiteElo "2304"]
[BlackElo "2300"]
[WhiteFideId "4193423"]
[BlackFideId "2848279"]
[EventDate "2025.07.01"]

1. b3 Nf6 2. Bb2 e6 3. c4 a6 4. g3 Be7 5. Bg2 O-O 6. e3 d5 7. Nc3 c5 8. cxd5
exd5 9. d4 cxd4 10. Qxd4 Nc6 11. Qd2 d4 12. exd4 Nxd4 13. Nge2 Nxe2 14. Qxe2 Re8
15. O-O Ba3 16. Qc2 Bf5 17. Qxf5 Bxb2 18. Rad1 Qc7 19. Nd5 Nxd5 20. Rxd5 g6 21.
Qf3 Re7 22. Rfd1 Rae8 23. h4 h5 24. a4 Qc3 25. R1d3 Qc1+ 26. Kh2 Qe1 27. Rd7 b5
28. Re3 Qb4 29. Rexe7 Rxe7 30. Rxe7 Qxe7 31. Qa8+ Kg7 32. Qxa6 bxa4 33. bxa4 Bd4
34. Qb7 Qa3 35. Qf3 Qxa4 36. Qf4 Qa1 37. Bd5 Bf6 38. Kg2 Qb2 39. Qf3 Qb6 40. Be4
Qd6 41. Bd5 Qe7 42. Be4 Be5 43. Bd5 Bd6 44. Qb3 Qf6 45. Qf3 Qe7 46. Qe4 Qd7 47.
Qd4+ Kg8 48. Qd3 Kh7 49. Bxf7 Qb7+ 50. Bd5 Qe7 51. Be4 Qf6 52. Qf3 Qe6 53. Qxh5+
Kg7 54. Qf3 Be5 55. Qd3 Bf6 56. Bd5 Qe5 57. Qf3 Be7 58. Be4 Bf6 59. Qg4 Qh5 60.
Qxh5 gxh5 61. Kf3 Be5 62. Bd3 Kf6 63. Be2 Kf5 64. Ke3 Kg6 65. f4 Bc7 66. Ke4 Bb8
67. Bb5 Bc7 68. Be8+ Kh6 69. Kf5 Bb6 70. g4 hxg4 71. Kxg4 Bc7 72. h5 Bxf4 73.
Kxf4 Kh7 74. Kg5 Kh8 75. Kh6 Kg8 76. Bg6 Kh8 77. Bf5 Kg8 78. Kg6 Kh8 79. Be6 1/2-1/2

[Event "Titled Tue 1st Jul Late"]
[Site "chess.com INT"]
[Date "2025.07.01"]
[Round "10"]
[White "Klepek, Witold"]
[Black "Itkis, Boris"]
[Result "0-1"]
[WhiteTitle "CM"]
[BlackTitle "IM"]
[WhiteElo "2253"]
[BlackElo "2270"]
[WhiteFideId "1175068"]
[BlackFideId "1209167"]
[EventDate "2025.07.01"]

1. c4 c6 2. Nf3 d5 3. g3 Nf6 4. Bg2 dxc4 5. a4 Nbd7 6. Na3 g6 7. Nxc4 Bg7 8. O-O
O-O 9. d3 Nd5 10. Bd2 e5 11. e4 N5b6 12. Bc3 Qc7 13. Qe2 Re8 14. Nfd2 Nf8 15. f4
exf4 16. Bxg7 Kxg7 17. gxf4 Nxc4 18. Nxc4 Be6 19. Ne3 Rad8 20. f5 Bb3 21. Ra3
Qb6 22. Kh1 Rd4 23. Qd2 Red8 24. f6+ Kg8 25. Nf5 Rxd3 26. Qh6 Ne6 27. Ne7+ Kh8
28. Bh3 Rd1 29. Ra1 Rxa1 30. Rxa1 Bd1 31. Bg2 Qxb2 32. Rc1 Qxf6 33. Nf5 Bg4 34.
Ng3 Qf4 35. Qxf4 Nxf4 36. Rb1 b6 37. e5 c5 38. Bc6 Ne6 39. Kg1 Rc8 40. Bd5 Nd4
41. Kf2 Be6 42. Be4 c4 43. Rd1 Nb3 44. Bc2 Nc5 45. h4 a6 46. h5 b5 47. h6 b4 48.
Ne4 Nxe4+ 49. Bxe4 c3 50. Bb7 Rb8 51. Be4 b3 52. Rc1 c2 53. Bxc2 bxc2 54. Rxc2
Bf5 55. Rd2 Be6 56. Ke3 f6 57. exf6 Kg8 58. Rd6 Kf7 59. Rxa6 Kxf6 60. Ra7 Bf7
61. Ra6+ Kg5 62. Ra7 Rf8 63. a5 Kxh6 64. a6 Bd5 65. Kd4 Bg2 66. Re7 Rf6 67. a7
Ra6 68. Kc5 Ra1 69. Kb6 Kg5 70. Re2 Bf3 71. Re3 Kf4 72. Re7 g5 73. Rf7+ Kg3 74.
Rxh7 g4 75. Rg7 Kf2 76. Kc5 g3 77. Kd4 g2 78. Kc3 Rxa7 79. Rxa7 g1=Q 80. Ra2+
Kg3 81. Kb3 Bd5+ 82. Kc3 Bxa2 0-1

[Event "Titled Tue 1st Jul Late"]
[Site "chess.com INT"]
[Date "2025.07.01"]
[Round "10"]
[White "Tabatabaei, M. Amin"]
[Black "Carlsen, Magnus"]
[Result "0-1"]
[WhiteTitle "GM"]
[BlackTitle "GM"]
[WhiteElo "2655"]
[BlackElo "2837"]
[WhiteFideId "12521213"]
[BlackFideId "1503014"]
[EventDate "2025.07.01"]

1. e4 g6 2. d4 d6 3. Nf3 Nf6 4. Nc3 Bg7 5. Be2 O-O 6. O-O e6 7. Re1 a6 8. a4 b6
9. Bf4 Bb7 10. Bd3 Nc6 11. Qd2 Nxd4 12. Nxd4 e5 13. Be3 exd4 14. Bxd4 Re8 15.
Bc4 c6 16. Bb3 b5 17. axb5 axb5 18. Rxa8 Bxa8 19. f3 b4 20. Nd1 c5 21. Bxf6 Qxf6
22. c3 Rb8 23. Bd5 Bxd5 24. Qxd5 bxc3 25. bxc3 h5 26. Qd3 Ra8 27. Rf1 Ra2 28. f4
Qe6 29. f5 gxf5 30. exf5 Qe2 31. Qxe2 Rxe2 32. Rf2 Re1+ 33. Rf1 Re4 34. Rf3 Be5
35. g3 Kg7 36. Kf2 Ra4 37. Ke3 d5 38. Rf2 Kf6 39. Kd3 c4+ 40. Ke3 Ra3 41. Kd2
Ra2+ 42. Ke3 Rxf2 43. Kxf2 Kxf5 44. Ke3 f6 45. Kf3 d4 46. Nb2 dxc3 47. Nxc4 Bd4
48. Na3 Bc5 49. Nc2 Ke5 50. h3 f5 51. g4 fxg4+ 52. hxg4 h4 53. Kg2 Ke4 54. Kh3
Be7 55. Kg2 Kd3 56. Ne1+ Kd2 57. Nf3+ Kd1 58. Nd4 Bf6 59. Nb3 c2 60. Kf2 Be7 61.
Kf1 Bf6 62. Kf2 Bg5 63. Kf1 Be3 64. Kg2 Ke1 65. Kh3 Bg5 66. Kg2 Bd8 67. Kg1 h3
68. Kh2 Bf6 69. Kxh3 Kf2 70. Kh2 Bg5 71. Kh3 Ke3 72. Kg2 Kd3 73. Kf3 Kc3 0-1

[Event "Titled Tue 1st Jul Late"]
[Site "chess.com INT"]
[Date "2025.07.01"]
[Round "10"]
[White "Lisenkov, Svyatoslav"]
[Black "Gelman, Alexander"]
[Result "0-1"]
[WhiteTitle "CM"]
[BlackTitle "IM"]
[WhiteElo "2283"]
[BlackElo "2403"]
[WhiteFideId "34264183"]
[BlackFideId "4118316"]
[EventDate "2025.07.01"]

1. e4 c5 2. Nf3 e6 3. Be2 Nc6 4. O-O Nf6 5. Nc3 d6 6. d3 h6 7. h3 a6 8. Re1 Qc7
9. Bf1 Be7 10. a4 Bd7 11. Bf4 g5 12. Bg3 g4 13. hxg4 Nxg4 14. d4 cxd4 15. Nxd4
h5 16. Nf5 Nce5 17. Nxe7 Kxe7 18. Qd2 h4 19. Bxh4+ f6 20. Bg3 Rh7 21. Bxe5 dxe5
22. g3 Bc6 23. Bg2 Qb6 24. a5 Qc5 25. b4 Qd4 26. Qxd4 exd4 27. Nd5+ Bxd5 28.
exd5 e5 29. Be4 Rg7 30. Kg2 Rc8 31. Rh1 Kd6 32. Rh4 Rf8 33. Bf3 f5 34. Bxg4 fxg4
35. Re1 Kxd5 36. Rh5 Re7 37. Rg5 Rf3 38. Rxg4 Rc3 39. Re2 Kc4 40. Rge4 Kxb4 41.
Rxe5 Rxe5 42. Rxe5 Rxc2 43. Rd5 Kc4 44. Rd7 d3 45. Kf3 Rb2 46. g4 Kc3 47. g5 d2
48. g6 Rb5 49. Kf4 Rb1 50. g7 Rg1 51. Rc7+ Kb2 52. Rxb7+ Kc2 53. Rc7+ Kb3 54.
Rd7 Kc3 55. Rc7+ Kd3 56. Rd7+ Ke2 57. Re7+ Kf1 58. Rd7 Ke2 59. Re7+ Kxf2 60. Rd7
Ke2 61. Re7+ Kd3 62. Rd7+ Kc3 63. Rc7+ Kb4 64. Rd7 Rxg7 65. Rxd2 Kxa5 66. Rb2
Re7 67. Rb1 Ka4 68. Kf3 a5 69. Ra1+ Kb4 70. Rb1+ Ka3 71. Ra1+ Kb4 72. Rb1+ Kc4
73. Ra1 Re5 74. Kf4 Rh5 75. Ke3 Kc3 76. Rc1+ Kb2 77. Rc8 Rd5 78. Ke4 Rd1 79.
Rb8+ Ka3 80. Ke3 a4 81. Ke2 Rd7 82. Rb1 Ka2 83. Rb8 a3 84. Rb5 Rd4 85. Rb6 Ka1
86. Ke3 Rd1 87. Ke2 Rb1 88. Ra6 Rb3 89. Kd2 Kb2 90. Rc6 a2 91. Rc2+ Ka3 92. Rc1
Rb1 93. Rc3+ Kb4 94. Rc8 a1=Q 95. Rb8+ Kc5 96. Rc8+ Kd6 97. Rd8+ Ke7 98. Rd3
Rd1+ 0-1

[Event "Titled Tue 1st Jul Late"]
[Site "chess.com INT"]
[Date "2025.07.01"]
[Round "10"]
[White "Garbuz, Vitaliy"]
[Black "Bazan Romero, Octavio Aaron"]
[Result "1-0"]
[WhiteTitle "CM"]
[BlackTitle "FM"]
[WhiteElo "2219"]
[BlackElo "2289"]
[WhiteFideId "12990710"]
[BlackFideId "20003943"]
[EventDate "2025.07.01"]

1. e4 c5 2. d4 cxd4 3. c3 Nf6 4. e5 Nd5 5. Nf3 Nc6 6. Bc4 Nb6 7. Bb3 d6 8. exd6
Qxd6 9. O-O Be6 10. Na3 Bxb3 11. Qxb3 Qe6 12. Qxe6 fxe6 13. Nb5 O-O-O 14. Nfxd4
Nxd4 15. Nxd4 e5 16. Ne6 Rd6 17. Ng5 Rf6 18. Be3 g6 19. Bxb6 Rxb6 20. b3 Bg7 21.
Rad1 Bf6 22. Ne4 Rc6 23. c4 Rd8 24. Rxd8+ Kxd8 25. Rd1+ Kc7 26. Rd5 b6 27. Kf1
e6 28. Rd3 Be7 29. Rf3 b5 30. Rf7 Kd8 31. cxb5 Rc1+ 32. Ke2 Rc2+ 33. Kd3 Rxa2
34. Rxh7 Rb2 35. Kc3 Re2 36. Kd3 Rb2 37. Nd2 Bb4 38. Nc4 Rxf2 39. Nxe5 Rd2+ 40.
Ke3 Rb2 41. Nc6+ Ke8 42. Nxb4 Rxb3+ 43. Nd3 Rxb5 44. Rxa7 Kf8 45. Rd7 Kg8 46. g3
e5 47. h4 Kh8 48. Ke4 Rb1 49. Nxe5 Rg1 50. Kf4 g5+ 51. hxg5 Rf1+ 52. Kg4 Kg8 53.
g6 Rf8 54. Nf7 Ra8 55. Nh6+ Kf8 56. g7+ Ke8 57. g8=Q+ Kxd7 58. Qxa8 Ke7 59. Qe4+
Kf6 60. Qf4+ Kg7 61. Nf5+ Kg8 62. Ne3 Kh7 63. Nf1 Kg6 64. Nh2 Kh7 65. Kg5 Kg7
66. Qf6+ Kg8 67. Qe7 Kh8 68. Kg6 Kg8 69. Ng4 Kh8 70. Ne3 Kg8 71. Nc4 Kh8 72. Nb6
Kg8 73. Na8 Kh8 74. g4 Kg8 75. g5 Kh8 76. Kh6 Kg8 77. g6 Kh8 78. Nc7 Kg8 79. Ne6
Kh8 80. Ng5 Kg8 81. Qh7+ Kf8 82. g7+ Ke8 83. Qf5 Kd8 84. g8=Q+ Kc7 85. Qge6 Kd8
86. Nh3 Kc7 87. Ng1 Kd8 88. Kg5 Kc7 89. Kh4 Kd8 90. Kh3 Kc7 91. Kh2 Kd8 92. Kh1
Kc7 93. Qff7+ Kd8 94. Qee7+ Kc8 95. Nf3 Kb8 96. Nd4 Ka8 97. Nb5 Kb8 98. Kg2 Ka8
99. Kf3 Kb8 100. Ke4 Ka8 101. Kd5 Kb8 102. Kc6 Ka8 103. Kb6 Kb8 104. Qb7# 1-0

[Event "Titled Tue 1st Jul Late"]
[Site "chess.com INT"]
[Date "2025.07.01"]
[Round "10"]
[White "Alvir, Aco"]
[Black "Zhukovskyi, Oleksandr"]
[Result "1/2-1/2"]
[WhiteTitle "IM"]
[BlackTitle "CM"]
[WhiteElo "2239"]
[BlackElo "2145"]
[WhiteFideId "14400367"]
[BlackFideId "14169371"]
[EventDate "2025.07.01"]

1. e4 Nf6 2. e5 Nd5 3. d4 d6 4. Nf3 dxe5 5. Nxe5 c6 6. Be2 Bf5 7. O-O Nd7 8. Nf3
e6 9. c4 N5f6 10. Re1 Bd6 11. Bf1 O-O 12. Nc3 Re8 13. Bg5 h6 14. Bh4 Qa5 15. Bg3
Bb4 16. Qb3 b6 17. Nd2 e5 18. a3 Bxc3 19. bxc3 exd4 20. Nf3 dxc3 21. Rxe8+ Rxe8
22. Nd4 Nc5 23. Qb4 Bg6 24. Qxa5 bxa5 25. Rc1 Rd8 26. Nxc6 Nb3 27. Rxc3 Rd6 28.
Rxb3 Rxc6 29. f3 Nd7 30. Bf2 Nc5 31. Rb5 Nd3 32. Bxa7 Rxc4 33. Bxd3 Bxd3 34.
Rxa5 Rc2 35. g4 Be2 36. Kf2 Kh7 37. Kg3 Ra2 38. Be3 g5 39. h4 f6 40. h5 Bf1 41.
Ra7+ Kg8 42. Bf2 Bb5 43. f4 Rb2 44. fxg5 Rb3+ 45. Kh2 fxg5 46. Bd4 Rd3 47. Bf6
Rd2+ 48. Kg3 Bc6 49. Bg7 Rg2+ 50. Kh3 Rg1 51. Bxh6 Bf3 52. Bxg5 Bxg4+ 53. Kh4
Bf3 54. h6 Rh1+ 55. Kg3 Be4 56. Kf4 Bb1 57. a4 Rf1+ 58. Ke3 Kf8 59. a5 Rh1 60.
a6 Rh3+ 61. Kf4 Ke8 62. Rg7 Ra3 63. a7 Ra4+ 64. Ke3 Ra3+ 65. Kd2 Be4 66. Be3 Kf8
67. Rc7 Ra2+ 68. Kc3 Rc2+ 69. Kd4 Rxc7 70. Kxe4 Rc8 71. Kf5 Kg8 72. Kg6 Rc6+ 73.
Kh5 Ra6 74. Bb6 Kh7 75. Kg5 Ra1 76. Be3 Ra5+ 77. Kf6 Ra6+ 78. Kg5 Ra5+ 79. Kg4
Ra6 80. Kh5 Ra5+ 81. Kg4 Kg6 82. h7 Kxh7 83. Kf4 Kg7 84. Ke4 Kf7 85. Bb6 Ra6 86.
Kd5 Ke7 87. Kc6 Ra1 88. Kb7 Kd7 89. Bc5 Ra2 90. Bb6 Ra3 91. Bc5 Ra4 92. Kb6 Ra2
93. Kb7 Ra4 94. Bb6 Ke6 95. Kc6 Ke7 96. Kb5 Rxa7 97. Bc5+ Kd7 98. Bxa7 1/2-1/2

[Event "Titled Tue 1st Jul Late"]
[Site "chess.com INT"]
[Date "2025.07.01"]
[Round "11"]
[White "Schracke, Guido"]
[Black "Uyanga, Byambaa"]
[Result "1-0"]
[WhiteTitle "CM"]
[BlackTitle "WFM"]
[WhiteElo "2138"]
[BlackElo "2006"]
[WhiteFideId "4637054"]
[BlackFideId "2054906"]
[EventDate "2025.07.01"]

1. e4 c5 2. c3 g6 3. Nf3 Bg7 4. Be2 Nc6 5. O-O Nf6 6. e5 Ng4 7. d4 cxd4 8. cxd4
d6 9. h3 Nh6 10. exd6 Qxd6 11. d5 Ne5 12. Nxe5 Qxe5 13. Bb5+ Bd7 14. Bxd7+ Kxd7
15. Qa4+ Kd6 16. Bf4 Rhc8 17. Bxe5+ Bxe5 18. Nc3 Nf5 19. Rad1 a6 20. Ne4+ Kc7
21. Qa5+ Kd7 22. d6 exd6 23. Qxe5 Re8 24. Nf6+ 1-0

[Event "Titled Tue 1st Jul Late"]
[Site "chess.com INT"]
[Date "2025.07.01"]
[Round "11"]
[White "Castillo Pena, Patricia Evarista"]
[Black "Winkels, Marcel"]
[Result "1-0"]
[WhiteTitle "WFM"]
[BlackTitle "CM"]
[WhiteElo "1909"]
[BlackElo "1905"]
[WhiteFideId "6412106"]
[BlackFideId "1003887"]
[EventDate "2025.07.01"]

1. d4 Nf6 2. Nf3 e6 3. e3 b6 4. Bd3 Bb7 5. Nbd2 Be7 6. b3 d6 7. Bb2 Nbd7 8. O-O
O-O 9. c4 c5 10. Qc2 Rc8 11. Rad1 cxd4 12. exd4 Re8 13. Rfe1 Qc7 14. Qb1 d5 15.
Ne5 g6 16. Re3 Bd6 17. f4 Ba8 18. Rh3 Qb7 19. Ndf3 dxc4 20. bxc4 Bf8 21. Rd2 Nh5
22. Rxh5 gxh5 23. Bxh7+ Kh8 24. Nxf7+ Kg7 25. Qg6# 1-0